[Event "IRL-ch Seniors 50"]
[Site "Dublin"]
[Date "2024.01.07"]
[Round "6"]
[White "Brady, Stephen"]
[Black "McHugh, Kevin"]
[Result "1-0"]
[WhiteElo "2258"]
[BlackElo "1879"]
[PlyCount "55"]
[EventDate "2024.01.04"]
[EventType "swiss"]
[EventRounds "7"]
[EventCountry "IRL"]
[SourceTitle "CB02_2024"]
[SourceDate "2024.01.10"]
[SourceVersion "1"]
[SourceVersionDate "2024.01.10"]
[SourceQuality "1"]

1. Nf3 Nf6 2. c4 g6 3. Nc3 d5 4. cxd5 Nxd5 5. Qb3 Nb6 6. d4 Bg7 7. Bf4 0-0 8. Rd1 c6 9. e4 Bg4 10. a4 Bxf3 11. gxf3 a5 12. d5 cxd5 13. Nxd5 Nxd5 14. Bc4 Qb6 15. Rxd5 Qxb3 16. Bxb3 Bxb2 17. 0-0 Nc6 18. Rb1 Bc3 19. Rd7 Bb4 20. Rxb7 e6 21. Kg2 Rfc8 22. Rd1 Rd8 23. Rc1 Rac8 24. Bg5 Re8 25. Bf6 Ba3 26. Rc4 Be7 27. Bxe7 Nxe7 28. Rxe7 1-0

[Event "IRL-ch"]
[Site "Dublin"]
[Date "2020.08.02"]
[Round "2"]
[White "Brady, Stephen"]
[Black "Cafolla, Peter"]
[Result "1/2-1/2"]
[WhiteElo "2290"]
[BlackElo "1955"]
[PlyCount "131"]
[EventDate "2020.08.01"]
[EventType "swiss"]
[EventRounds "9"]
[EventCountry "IRL"]
[SourceTitle "CBM 197 Extra"]
[Source "ChessBase"]
[SourceDate "2020.09.30"]
[SourceVersion "1"]
[SourceVersionDate "2020.09.30"]
[SourceQuality "1"]

1. e4 c5 2. c3 Nf6 3. e5 Nd5 4. d4 cxd4 5. Nf3 Nc6 6. Bc4 Nb6 7. Bb3 d5 8. exd6 Qxd6 9. 0-0 g6 10. Ng5 e6 11. Qf3 Qe7 12. Ne4 f5 13. Ng5 h6 14. Nxe6 Bxe6 15. Re1 Nd8 16. cxd4 Bg7 17. Bxe6 Nxe6 18. d5 0-0 19. dxe6 Rac8 20. Qb3 Rfe8 21. Nc3 Kh7 22. Nb5 Rc6 23. Nxa7 Rxe6 24. Rxe6 Qxe6 25. Qxe6 Rxe6 26. Kf1 Nc4 27. Nb5 Bxb2 28. Bxb2 Nxb2 29. Re1 Rxe1+ 30. Kxe1 Nd3+ 31. Kd2 Nxf2 32. Nd6 b6 33. a4 Kg7 34. Nc4 Ne4+ 35. Ke3 Kf6 36. Nxb6 Ke5 37. a5 Nc5 38. Nc8 g5 39. Ne7 Na6 40. h4 Kf6 41. Nc6 Kg6 42. Nd4 Kf6 43. h5 Nc5 44. Nc6 Na6 45. Kd4 Ke6 46. Nd8+ Kf6 47. Ke3 Ke7 48. Nc6+ Kf6 49. Nd4 Nc5 50. Nc6 Na6 51. Kf3 Ke6 52. Ke2 Kd6 53. Nd8 Ke7 54. Nc6+ Kd6 55. Nd4 Ke5 56. Kd3 Nb8 57. g3 Na6 58. Nf3+ Kf6 59. Nd4 Ke5 60. Nf3+ Kf6 61. Ke3 Nb4 62. Ne1 Ke6 63. Nf3 Kf6 64. Nd4 Ke5 65. Nf3+ Kf6 66. Nd4 1/2-1/2

[Event "Dublin Irish New Year GM"]
[Site "Dublin"]
[Date "2020.01.06"]
[Round "9"]
[White "Li, Henry"]
[Black "Brady, Stephen"]
[Result "0-1"]
[WhiteElo "2288"]
[BlackElo "2285"]
[PlyCount "72"]
[EventDate "2020.01.02"]
[EventType "tourn"]
[EventRounds "9"]
[EventCountry "IRL"]
[EventCategory "6"]
[SourceTitle "CBM 194 Extra"]
[Source "ChessBase"]
[SourceDate "2020.03.31"]
[SourceVersion "1"]
[SourceVersionDate "2020.03.31"]
[SourceQuality "1"]

1. e4 d6 2. d4 Nf6 3. Nc3 g6 4. f4 Bg7 5. Nf3 0-0 6. e5 Nfd7 7. Bc4 Nb6 8. Bb3 Nc6 9. a4 Na5 10. Ba2 c5 11. dxc5 dxc5 12. Qe2 c4 13. Be3 Be6 14. Rd1 Qc8 15. Qf2 f6 16. Bxb6 axb6 17. Nd5 Bxd5 18. Rxd5 Qc6 19. Rb5 Qe4+ 20. Qe2 Qxf4 21. 0-0 fxe5 22. Kh1 Kh8 23. Re1 Nc6 24. Bxc4 Rxa4 25. b3 Ra2 26. Rxb6 e4 27. Qxe4 Qxe4 28. Rxe4 Ra1+ 29. Re1 Rxe1+ 30. Nxe1 Ra8 31. Rxb7 Ra1 32. Kg1 Rxe1+ 33. Kf2 Rc1 34. Rc7 Rxc2+ 35. Ke3 Bh6+ 36. Ke4 Na5 0-1

[Event "Dublin Irish New Year GM"]
[Site "Dublin"]
[Date "2020.01.04"]
[Round "4"]
[White "Brady, Stephen"]
[Black "Astaneh Lopez, Alex"]
[Result "1/2-1/2"]
[WhiteElo "2285"]
[BlackElo "2432"]
[PlyCount "81"]
[EventDate "2020.01.02"]
[EventType "tourn"]
[EventRounds "9"]
[EventCountry "IRL"]
[EventCategory "6"]
[SourceTitle "CBM 194 Extra"]
[Source "ChessBase"]
[SourceDate "2020.03.31"]
[SourceVersion "1"]
[SourceVersionDate "2020.03.31"]
[SourceQuality "1"]

1. e4 e5 2. Nf3 Nf6 3. Nxe5 d6 4. Nf3 Nxe4 5. d4 Be7 6. Bd3 Nf6 7. h3 0-0 8. 0-0 Re8 9. c4 Nbd7 10. Nc3 Nf8 11. Bf4 Ne6 12. Bh2 Nh5 13. Re1 g6 14. Qd2 Bd7 15. b4 Bf6 16. Be4 Bg7 17. Rad1 Nf6 18. Bc2 a5 19. b5 b6 20. Re2 Bc8 21. Be4 Nxe4 22. Nxe4 f5 23. Nc3 Bb7 24. Rde1 Bxf3 25. Rxe6 Rxe6 26. Rxe6 Bb7 27. Bf4 Qd7 28. d5 Re8 29. Qe3 Kf7 30. Rxe8 Qxe8 31. Ne2 h6 32. h4 Qxe3 33. Bxe3 Bc8 34. g3 Bd7 35. f4 Bf6 36. Kf2 Ke7 37. Ke1 Kf7 38. Kf2 Ke7 39. Kg2 Kf7 40. Kf3 Ke7 41. Kf2 1/2-1/2

[Event "Dublin Irish New Year GM"]
[Site "Dublin"]
[Date "2020.01.03"]
[Round "3"]
[White "Pert, Nicholas"]
[Black "Brady, Stephen"]
[Result "1-0"]
[WhiteElo "2558"]
[BlackElo "2285"]
[PlyCount "76"]
[EventDate "2020.01.02"]
[EventType "tourn"]
[EventRounds "9"]
[EventCountry "IRL"]
[EventCategory "6"]
[SourceTitle "CBM 194 Extra"]
[Source "ChessBase"]
[SourceDate "2020.03.31"]
[SourceVersion "1"]
[SourceVersionDate "2020.03.31"]
[SourceQuality "1"]

1. d4 Nf6 2. c4 e6 3. Nf3 b6 4. a3 Ba6 5. Qc2 Bb7 6. Nc3 c5 7. dxc5 Bxc5 8. Bf4 0-0 9. Rd1 Nc6 10. e4 Nh5 11. Bg5 f6 12. Bc1 g6 13. Be2 a6 14. b4 Be7 15. Be3 a5 16. b5 Na7 17. Na4 Nc8 18. c5 Qc7 19. c6 dxc6 20. Nd4 Ng7 21. bxc6 Ba6 22. Bxa6 Rxa6 23. Qc4 b5 24. Qxb5 Ra8 25. Qb7 Ra7 26. Qxc7 Rxc7 27. Bh6 Rd8 28. Bxg7 Rxd4 29. Rxd4 Kxg7 30. Rc4 Bxa3 31. Ke2 Nd6 32. Rc2 Nxe4 33. Rd1 Kf7 34. Rd7+ Rxd7 35. cxd7 Ke7 36. Rc7 Kd8 37. Ra7 Bc5 38. Ra8+ Kxd7 1-0

[Event "Dublin St Andrews op-A"]
[Site "Dublin"]
[Date "2019.09.21"]
[Round "2"]
[White "Brady, Stephen"]
[Black "Moran, Darragh"]
[Result "1-0"]
[WhiteElo "2304"]
[BlackElo "1888"]
[PlyCount "73"]
[EventDate "2019.09.20"]
[EventType "swiss"]
[EventRounds "5"]
[EventCountry "IRL"]
[SourceTitle "EXT 2020"]
[Source "ChessBase"]
[SourceDate "2019.10.17"]
[SourceVersion "1"]
[SourceVersionDate "2019.10.17"]
[SourceQuality "1"]

1. e4 e6 2. d4 d5 3. Nd2 c5 4. Ngf3 cxd4 5. exd5 Qxd5 6. Bc4 Qd6 7. 0-0 Nf6 8. Nb3 Nc6 9. Nbxd4 Nxd4 10. Nxd4 a6 11. Bb3 Qc7 12. Qf3 Bd6 13. h3 0-0 14. Bg5 Nd7 15. c3 Ne5 16. Qe4 Ng6 17. Rad1 Bh2+ 18. Kh1 Bf4 19. Bxf4 Qxf4 20. Bc2 e5 21. Nf3 Be6 22. Qxf4 Nxf4 23. Nxe5 Bxa2 24. b3 Ne2 25. c4 b5 26. c5 a5 27. Rfe1 Nc3 28. Rd3 b4 29. Nd7 Rfe8 30. Rxe8+ Rxe8 31. c6 a4 32. bxa4 Bc4 33. Rd4 b3 34. Bxb3 Bxb3 35. Rd3 Bxa4 36. Rxc3 Rc8 37. Nb6 1-0

[Event "Dublin Masters"]
[Site "Dublin"]
[Date "2019.09.07"]
[Round "3"]
[White "Brady, Stephen"]
[Black "Kanyamarala, Tarun"]
[Result "0-1"]
[WhiteElo "2304"]
[BlackElo "2229"]
[PlyCount "94"]
[EventDate "2019.09.06"]
[EventType "swiss"]
[EventRounds "5"]
[EventCountry "IRL"]
[SourceTitle "EXT 2020"]
[Source "ChessBase"]
[SourceDate "2019.10.17"]
[SourceVersion "1"]
[SourceVersionDate "2019.10.17"]
[SourceQuality "1"]

1. b3 e5 2. Bb2 Nc6 3. e3 e4 4. d3 exd3 5. cxd3 d5 6. Nf3 Nf6 7. Be2 Bg4 8. a3 Bd6 9. b4 0-0 10. 0-0 Qe7 11. Nbd2 a5 12. b5 Na7 13. a4 Bb4 14. h3 Bd7 15. Qb3 c6 16. bxc6 bxc6 17. Rfc1 Rab8 18. Qa2 Be6 19. Nb3 c5 20. Bxf6 Qxf6 21. Rab1 Rbc8 22. Bd1 Bf5 23. Be2 Rfd8 24. Qa1 Qa6 25. Rd1 Nc6 26. Rbc1 Qb6 27. Ne5 Nxe5 28. Qxe5 Bd7 29. Ra1 Re8 30. Qf4 Rb8 31. Bg4 Bxg4 32. Qxg4 Qf6 33. Rab1 Qc6 34. Rdc1 Rb6 35. Ra1 Qd6 36. Rc2 h6 37. Nc1 Qe5 38. Rb1 Rg6 39. Qf3 Rf6 40. Qg4 h5 41. Qd7 Ree6 42. Ne2 Rxf2 43. Rxb4 Qxe3 44. Rb8+ Kh7 45. Kh1 Rf1+ 46. Kh2 Qe5+ 47. g3 Qxe2+ 0-1

[Event "IRL-ch"]
[Site "Dublin"]
[Date "2019.08.10"]
[Round "8"]
[White "O'Donnell, Conor"]
[Black "Brady, Stephen"]
[Result "1/2-1/2"]
[WhiteElo "2311"]
[BlackElo "2282"]
[PlyCount "135"]
[EventDate "2019.08.03"]
[EventType "swiss"]
[EventRounds "9"]
[EventCountry "IRL"]
[SourceTitle "CBM 191 Extra"]
[Source "ChessBase"]
[SourceDate "2019.09.30"]
[SourceVersion "1"]
[SourceVersionDate "2019.09.30"]
[SourceQuality "1"]

1. Nf3 Nf6 2. c4 e6 3. g3 d5 4. Bg2 Be7 5. 0-0 0-0 6. d4 c6 7. Qc2 b6 8. b3 Nbd7 9. Rd1 a5 10. Nc3 Ba6 11. Nd2 b5 12. e4 bxc4 13. bxc4 Rb8 14. exd5 exd5 15. cxd5 cxd5 16. Nxd5 Nxd5 17. Bxd5 Nf6 18. Bf3 Qxd4 19. Nb3 Qa4 20. Qc7 Bb4 21. Bg5 Rbc8 22. Qa7 Bc4 23. Bxf6 gxf6 24. Qd4 Bxb3 25. axb3 Qxb3 26. Qg4+ Kh8 27. Be4 Rc5 28. Bf5 h6 29. Qh5 Kg7 30. Qg4+ Kh8 31. Qh5 Kg7 32. Rd4 Re8 33. Rg4+ Kf8 34. Qxh6+ Ke7 35. Qh7 Rd8 36. Rb1 Rd1+ 37. Rxd1 Qxd1+ 38. Kg2 Re5 39. Rf4 Bd6 40. Qh4 Re1 41. Rd4 Qa1 42. Kh3 Re5 43. Bd3 Qc3 44. Bc4 Qf3 45. Rf4 Qh5 46. Kg2 Qxh4 47. Rxh4 Rc5 48. Bb3 Rb5 49. Re4+ Kf8 50. Ba4 Rb4 51. Rxb4 Bxb4 52. Kf3 Kg7 53. Ke4 Bc5 54. f4 Bg1 55. h3 Bf2 56. g4 Be1 57. Kf5 Bf2 58. Bb3 Be1 59. Ke4 Bf2 60. Kd5 Bg3 61. f5 Kf8 62. Kc6 Kg7 63. Kd7 Kf8 64. Kc6 Kg7 65. Kb5 Be1 66. h4 Bxh4 67. Kxa5 Kf8 68. Kb5 1/2-1/2

[Event "Dublin Irish op"]
[Site "Dublin"]
[Date "2019.04.21"]
[Round "8"]
[White "Brady, Stephen"]
[Black "Epishin, Vladimir"]
[Result "0-1"]
[WhiteElo "2301"]
[BlackElo "2568"]
[PlyCount "88"]
[EventDate "2019.04.17"]
[EventType "swiss"]
[EventRounds "9"]
[EventCountry "IRL"]
[SourceTitle "CBM 189 Extra"]
[Source "ChessBase"]
[SourceDate "2019.06.03"]
[SourceVersion "1"]
[SourceVersionDate "2019.06.03"]
[SourceQuality "1"]

1. b3 d6 2. Bb2 Nd7 3. Nf3 e5 4. e3 Be7 5. d4 e4 6. Nfd2 f5 7. c4 Ndf6 8. Nc3 Nh6 9. f3 exf3 10. Qxf3 0-0 11. Bd3 c6 12. d5 c5 13. Qe2 Nfg4 14. Nf3 Bf6 15. Nd1 Re8 16. 0-0 Bxb2 17. Qxb2 Nxe3 18. Nxe3 Rxe3 19. Qd2 Re8 20. Rae1 Bd7 21. Rxe8+ Qxe8 22. Qf4 Qf8 23. Re1 Qf6 24. h3 Re8 25. Rxe8+ Bxe8 26. Ng5 Qe5 27. Qxe5 dxe5 28. Ne6 b6 29. a3 Bd7 30. Nc7 Kf8 31. b4 Ke7 32. bxc5 bxc5 33. Nb5 a5 34. Nc3 Nf7 35. Kf2 Nd6 36. h4 g6 37. g3 h6 38. Ke3 g5 39. hxg5 hxg5 40. Be2 f4+ 41. gxf4 exf4+ 42. Kf3 Kf6 43. Nb5 Ke5 44. Nxd6 g4+ 0-1

[Event "Dublin Irish op"]
[Site "Dublin"]
[Date "2019.04.20"]
[Round "6"]
[White "Brady, Stephen"]
[Black "Murray, David"]
[Result "1-0"]
[WhiteElo "2301"]
[BlackElo "2152"]
[PlyCount "47"]
[EventDate "2019.04.17"]
[EventType "swiss"]
[EventRounds "9"]
[EventCountry "IRL"]
[SourceTitle "CBM 189 Extra"]
[Source "ChessBase"]
[SourceDate "2019.06.03"]
[SourceVersion "1"]
[SourceVersionDate "2019.06.03"]
[SourceQuality "1"]

1. b3 e5 2. Bb2 d6 3. e3 Nf6 4. d4 Nbd7 5. Nf3 exd4 6. exd4 d5 7. Bd3 Bb4+ 8. c3 Bd6 9. 0-0 0-0 10. c4 c5 11. Nc3 dxc4 12. Bxc4 Nb6 13. Be2 Nbd5 14. Nxd5 Nxd5 15. dxc5 Bxc5 16. Qc2 Be7 17. Rad1 Qc7 18. Bc4 Rd8 19. Rfe1 Be6 20. Nd4 Rac8 21. Rxe6 fxe6 22. Nxe6 Qd7 23. Nxd8 b5 24. Rxd5 1-0

[Event "IRL-chT"]
[Site "Dublin"]
[Date "2019.04.06"]
[Round "2.2"]
[White "Gelip, Ioana"]
[Black "Brady, Stephen"]
[Result "0-1"]
[WhiteElo "2180"]
[BlackElo "2301"]
[PlyCount "98"]
[EventDate "2019.04.05"]
[EventType "team-swiss"]
[EventRounds "5"]
[EventCountry "IRL"]
[SourceTitle "CBM 189 Extra"]
[Source "ChessBase"]
[SourceDate "2019.06.03"]
[SourceVersion "1"]
[SourceVersionDate "2019.06.03"]
[SourceQuality "1"]
[WhiteTeam "Trinity"]
[BlackTeam "Benildus"]
[WhiteTeamCountry "IRL"]
[BlackTeamCountry "IRL"]

1. e4 e5 2. Nf3 d6 3. d4 Nd7 4. Nc3 Be7 5. Bc4 c6 6. a4 Ngf6 7. 0-0 0-0 8. Re1 b6 9. d5 cxd5 10. Nxd5 Bb7 11. Nxe7+ Qxe7 12. Bg5 h6 13. Bxf6 Nxf6 14. Qd3 Rfd8 15. Rad1 g6 16. Ba6 Rac8 17. Rd2 d5 18. Bxb7 dxe4 19. Qb5 exf3 20. Rxd8+ Rxd8 21. Bxf3 e4 22. g3 Rd5 23. Qc4 Qd7 24. Bg2 Rd4 25. Qb5 Rd1 26. Rf1 Rxf1+ 27. Bxf1 Qd2 28. Qe2 Qxe2 29. Bxe2 Kf8 30. Kf1 Ke7 31. Ke1 Nd7 32. Kd2 Kd6 33. Kc3 f5 34. Kb4 Nc5 35. a5 Ne6 36. axb6 axb6 37. c3 Nc7 38. Bc4 g5 39. Bf7 f4 40. Kc4 Ke5 41. Bg6 Nd5 42. Bf7 e3 43. fxe3 Nxe3+ 44. Kb5 f3 45. Bg6 Nd1 46. Bd3 Nxb2 47. Bf1 Ke4 48. c4 Kd4 49. Kxb6 Nxc4+ 0-1

[Event "Dublin Hogarty Memorial IM"]
[Site "Dublin"]
[Date "2019.01.05"]
[Round "6"]
[White "Brady, Stephen"]
[Black "Greet, Andrew"]
[Result "0-1"]
[WhiteElo "2314"]
[BlackElo "2420"]
[PlyCount "88"]
[EventDate "2019.01.02"]
[EventType "tourn"]
[EventRounds "9"]
[EventCountry "IRL"]
[EventCategory "1"]
[SourceTitle "CBM 188 Extra"]
[Source "ChessBase"]
[SourceDate "2019.02.26"]
[SourceVersion "1"]
[SourceVersionDate "2019.02.26"]
[SourceQuality "1"]

1. e4 e6 2. d4 d5 3. e5 c5 4. c3 Qb6 5. Nf3 Nc6 6. Be2 cxd4 7. cxd4 Nh6 8. b3 Nf5 9. Bb2 Bb4+ 10. Kf1 0-0 11. g4 Nh6 12. Rg1 f6 13. exf6 Rxf6 14. g5 Rxf3 15. gxh6 Rf7 16. Rxg7+ Rxg7 17. hxg7 Qc7 18. Kg1 Qf4 19. Qd3 Bd6 20. Qg3 Nxd4 21. Bd3 Nf3+ 22. Kh1 Qxg3 23. hxg3 Be5 24. Bxe5 Nxe5 25. Be2 Bd7 26. f4 Nc6 27. Na3 Kxg7 28. Rc1 Kf6 29. Kg2 Be8 30. Nb5 Rd8 31. Rd1 Bg6 32. Kf2 a6 33. Nd4 Nxd4 34. Rxd4 Rc8 35. Bd1 Rc3 36. g4 Be4 37. Rb4 b5 38. a4 Bd3 39. axb5 Bxb5 40. Bf3 h6 41. f5 Rd3 42. fxe6 Kxe6 43. Bg2 Ke5 44. Bf1 Rd4 0-1

[Event "Dublin Hogarty Memorial IM"]
[Site "Dublin"]
[Date "2019.01.05"]
[Round "7"]
[White "Melaugh, Shanemelaugh"]
[Black "Brady, Stephen"]
[Result "0-1"]
[WhiteElo "2169"]
[BlackElo "2314"]
[PlyCount "96"]
[EventDate "2019.01.02"]
[EventType "tourn"]
[EventRounds "9"]
[EventCountry "IRL"]
[EventCategory "1"]
[SourceTitle "CBM 188 Extra"]
[Source "ChessBase"]
[SourceDate "2019.02.26"]
[SourceVersion "1"]
[SourceVersionDate "2019.02.26"]
[SourceQuality "1"]

1. c4 c5 2. Nc3 g6 3. g3 Bg7 4. Bg2 Nc6 5. e3 Nh6 6. Nge2 Nf5 7. a3 d6 8. d3 Rb8 9. Rb1 Bd7 10. b4 b6 11. 0-0 0-0 12. b5 Ne5 13. h3 Bc8 14. f4 Nd7 15. e4 Nxg3 16. Nxg3 Bxc3 17. Bb2 Bxb2 18. Rxb2 e6 19. d4 Qh4 20. Kh2 Bb7 21. d5 exd5 22. exd5 Rbe8 23. Ne4 Qe7 24. Rbf2 Nf6 25. Re1 Nxe4 26. Rxe4 Qh4 27. Rfe2 Rxe4 28. Rxe4 Bc8 29. Qf3 Bf5 30. Re3 Qd8 31. Qe2 Bd7 32. Be4 Re8 33. Bd3 Rxe3 34. Qxe3 Qf6 35. Be4 Kg7 36. Bg2 Bf5 37. Kg3 Kf8 38. Bf3 h5 39. h4 Qa1 40. Bg2 Qd1 41. Be4 Qg4+ 42. Kf2 Qxh4+ 43. Ke2 Bxe4 44. Qxe4 Qe7 45. Ke3 Qxe4+ 46. Kxe4 Ke7 47. f5 g5 48. a4 Kf6 0-1

[Event "Dublin Hogarty Memorial IM"]
[Site "Dublin"]
[Date "2019.01.04"]
[Round "4"]
[White "Brady, Stephen"]
[Black "Delaney, Killian"]
[Result "1/2-1/2"]
[WhiteElo "2314"]
[BlackElo "2201"]
[PlyCount "50"]
[EventDate "2019.01.02"]
[EventType "tourn"]
[EventRounds "9"]
[EventCountry "IRL"]
[EventCategory "1"]
[SourceTitle "CBM 188 Extra"]
[Source "ChessBase"]
[SourceDate "2019.02.26"]
[SourceVersion "1"]
[SourceVersionDate "2019.02.26"]
[SourceQuality "1"]

1. e4 c6 2. d4 d5 3. Nd2 dxe4 4. Nxe4 Nd7 5. Ng5 Ngf6 6. Bd3 e6 7. N1f3 Bd6 8. Qe2 h6 9. Ne4 Nxe4 10. Qxe4 Nf6 11. Qh4 Rg8 12. Ne5 Bxe5 13. dxe5 Qa5+ 14. c3 Qxe5+ 15. Be3 Nd5 16. 0-0-0 Nxe3 17. fxe3 Bd7 18. Rhf1 g5 19. Qf2 Rf8 20. Qf6 Qxf6 21. Rxf6 Ke7 22. Rxh6 Rh8 23. Rxh8 Rxh8 24. h3 e5 25. Rf1 g4 1/2-1/2